[Event "SVK-chT1W 1819"]
[Site "Slovakia"]
[Date "2018.10.28"]
[Round "2.3"]
[White "Janos, Martin"]
[Black "Takacs, Laszlo"]
[Result "0-1"]
[WhiteElo "2176"]
[BlackElo "2275"]
[PlyCount "102"]
[EventDate "2018.10.27"]
[EventType "team-tourn"]
[EventRounds "11"]
[EventCountry "SVK"]
[SourceTitle "CBM 187 Extra"]
[Source "ChessBase"]
[SourceDate "2018.11.04"]
[SourceVersion "1"]
[SourceVersionDate "2018.11.04"]
[SourceQuality "1"]
[WhiteTeam "Bratislava Slovan II"]
[BlackTeam "Dunajska Streda"]
[WhiteTeamCountry "SVK"]
[BlackTeamCountry "SVK"]

1. e4 c6 2. d4 d5 3. Nd2 dxe4 4. Nxe4 Bf5 5. Ng3 Bg6 6. h4 h6 7. Nf3 Nd7 8. c3 e6 9. Bd3 Bxd3 10. Qxd3 Ngf6 11. Be3 Be7 12. Ne4 Nxe4 13. Qxe4 Nf6 14. Qc2 a5 15. Ne5 a4 16. Qe2 Qd5 17. f3 Bd6 18. c4 Qa5+ 19. Bd2 Bb4 20. 0-0-0 a3 21. b3 Rd8 22. Kc2 Nh5 23. Qf2 Bxd2 24. Rxd2 Nf4 25. Qe3 Ng6 26. Nxg6 Qf5+ 27. Qe4 fxg6 28. Re1 Kf7 29. g4 Qf6 30. h5 gxh5 31. gxh5 Rd7 32. Rg1 Rhd8 33. Rg4 Kg8 34. Rg6 Qf5 35. Rxe6 Qxh5 36. Re5 Qf7 37. Kc3 Rf8 38. Rd3 Qf4 39. Re8 Qc1+ 40. Kb4 Rdf7 41. d5 cxd5 42. Rxf8+ Rxf8 43. Qxd5+ Rf7 44. Qe6 Qf4 45. Kxa3 Kh7 46. c5 Qc1+ 47. Ka4 Rf4+ 48. b4 Qxc5 49. Rb3 Qa7+ 50. Kb5 Qxa2 51. Re3 Qd2 0-1

[Event "SVK-chT2A 1718"]
[Site "Slovakia"]
[Date "2018.01.13"]
[Round "5.1"]
[White "Kostolansky, Sebastian Lukas"]
[Black "Janos, Martin"]
[Result "0-1"]
[WhiteElo "2219"]
[BlackElo "2208"]
[PlyCount "116"]
[EventDate "2017.10.28"]
[EventType "team-tourn"]
[EventRounds "11"]
[EventCountry "SVK"]
[SourceTitle "EXT 2019"]
[Source "ChessBase"]
[SourceDate "2018.10.10"]
[SourceVersion "1"]
[SourceVersionDate "2018.10.10"]
[SourceQuality "1"]
[WhiteTeam "Bratislava Slovan V"]
[BlackTeam "Bratislava Slovan IV"]
[WhiteTeamCountry "SVK"]
[BlackTeamCountry "SVK"]

1. e4 Nc6 2. Nf3 d5 3. exd5 Qxd5 4. Nc3 Qd6 5. Bc4 Bf5 6. d3 a6 7. Be3 Nf6 8. Qd2 e6 9. 0-0-0 0-0-0 10. Rhe1 Bg4 11. d4 Bxf3 12. gxf3 Nd5 13. Ne4 Qb4 14. Qe2 h6 15. f4 Nb6 16. Bb3 Na5 17. Kb1 Nxb3 18. cxb3 Nd5 19. Rc1 g6 20. Rc4 Qb6 21. Rec1 Bd6 22. Qf3 Kb8 23. h4 h5 24. Ng5 Rd7 25. Qe4 Re8 26. Ka1 c6 27. Nf3 Qd8 28. Ne5 Bxe5 29. fxe5 f5 30. exf6 Qxf6 31. Bg5 Qf5 32. f3 Rf7 33. Re1 Ka7 34. a3 Nc7 35. Rc5 Qxf3 36. Qxg6 Rd7 37. Ka2 Rf8 38. Rce5 Rd5 39. Rxd5 Nxd5 40. Qxe6 Qg3 41. Be7 Rf2 42. Bc5+ b6 43. Re3 Qh2 44. Qd7+ Nc7 45. Qxc7+ Qxc7 46. Re7 Qxe7 47. Bxe7 Rf4 48. b4 Rxd4 49. Kb3 Rg4 50. a4 Kb7 51. a5 b5 52. Kc3 Kc7 53. Bg5 Kd6 54. Bf6 Kd5 55. Be7 Rg3+ 56. Kd2 Kc4 57. Bc5 Kb3 58. Bd4 Kxb4 0-1

[Event "SVK-chT1W 1718"]
[Site "Slovakia"]
[Date "2017.11.04"]
[Round "3.5"]
[White "Dobrotka, Martin"]
[Black "Janos, Martin"]
[Result "1/2-1/2"]
[WhiteElo "2195"]
[BlackElo "2221"]
[PlyCount "126"]
[EventDate "2017.10.21"]
[EventType "team-tourn"]
[EventRounds "11"]
[EventCountry "SVK"]
[SourceTitle "CBM 181 Extra"]
[Source "ChessBase"]
[SourceDate "2017.12.12"]
[SourceVersion "1"]
[SourceVersionDate "2017.12.12"]
[SourceQuality "1"]
[WhiteTeam "Nitra ASK"]
[BlackTeam "Bratislava Slovan II"]
[WhiteTeamCountry "SVK"]
[BlackTeamCountry "SVK"]

1. d4 Nf6 2. c4 c5 3. Nf3 cxd4 4. Nxd4 g6 5. g3 Bg7 6. Bg2 Nc6 7. 0-0 Qb6 8. Nb5 0-0 9. Be3 Qd8 10. Qc1 Ng4 11. Bd2 a6 12. N5a3 Qb6 13. Nc3 Re8 14. Rb1 d6 15. Nd5 Qd8 16. h3 Nf6 17. Bc3 Bf5 18. Ra1 Rc8 19. Qd2 Ne4 20. Bxe4 Bxe4 21. Bxg7 Kxg7 22. Rac1 Ne5 23. Qd4 Bxd5 24. cxd5 f6 25. Rxc8 Qxc8 26. Kg2 Nf7 27. Rd1 Ng5 28. h4 Qh3+ 29. Kg1 Nf7 30. Rc1 Ne5 31. Qe4 Rc8 32. Rxc8 Qxc8 33. Qc2 Qg4 34. Qd2 Qh3 35. Qe3 Qf5 36. Kg2 Kf7 37. f3 Ke8 38. Qb3 g5 39. Qc2 Qg6 40. Qxg6+ Nxg6 41. hxg5 fxg5 42. Nc4 Kd7 43. Kh3 h5 44. Nd2 h4 45. e3 hxg3 46. Kxg3 Ne5 47. b3 Nd3 48. e4 Nb4 49. a4 e6 50. Kg4 exd5 51. Kxg5 dxe4 52. Nxe4 d5 53. Nd2 Kd6 54. f4 Nc6 55. f5 Ke5 56. f6 Nd8 57. b4 Kd4 58. b5 Kc3 59. bxa6 bxa6 60. Nf3 d4 61. Kf5 Nf7 62. a5 d3 63. Ke4 Ng5+ 1/2-1/2

[Event "SVK-chT1W 1617"]
[Site "Slovakia"]
[Date "2017.03.19"]
[Round "11.3"]
[White "Janos, Martin"]
[Black "Vymazal, Bronislav"]
[Result "0-1"]
[WhiteElo "2217"]
[BlackElo "2309"]
[PlyCount "142"]
[EventDate "2016.10.15"]
[EventType "team-tourn"]
[EventRounds "11"]
[EventCountry "SVK"]
[SourceTitle "EXT 2019"]
[Source "ChessBase"]
[SourceDate "2018.10.10"]
[SourceVersion "1"]
[SourceVersionDate "2018.10.10"]
[SourceQuality "1"]
[WhiteTeam "Bratislava Slovan II"]
[BlackTeam "Podhajska Termal"]
[WhiteTeamCountry "SVK"]
[BlackTeamCountry "SVK"]

1. e4 c5 2. Nf3 Nc6 3. c4 g6 4. Nc3 Bg7 5. d3 e6 6. Be3 Qa5 7. Bd2 Qd8 8. Qc1 Nge7 9. Be2 d6 10. 0-0 0-0 11. Bh6 a6 12. Bxg7 Kxg7 13. Qe3 e5 14. Ne1 Nd4 15. Bd1 f6 16. f4 b5 17. Nd5 Rb8 18. Rf2 Be6 19. Nf3 Nec6 20. g3 Rb7 21. Rc1 Nxf3+ 22. Bxf3 Nd4 23. Bg2 Qb8 24. b3 Rbf7 25. Nc3 b4 26. Ne2 Nc6 27. h3 a5 28. f5 Bd7 29. g4 Qd8 30. h4 Nd4 31. Ng3 a4 32. bxa4 Bxa4 33. Bh3 Bd7 34. Rcf1 gxf5 35. exf5 h6 36. Bg2 Kh7 37. Nh5 Rg8 38. Qh3 Bc6 39. Bxc6 Nxc6 40. Rg2 Nd4 41. Kh2 Kh8 42. Rff2 Qf8 43. Qe3 Kh7 44. Rg3 Kh8 45. Qe4 Qa8 46. Qe1 Kh7 47. Qf1 e4 48. Kh3 Re8 49. g5 fxg5 50. hxg5 hxg5 51. Rxg5 e3 52. Rf4 e2 53. Qg1 Kh8 54. Nf6 Rh7+ 55. Nxh7 e1Q 56. Nf6 Qh1+ 57. Qxh1 Qxh1+ 58. Kg4 Qd1+ 59. Kh4 Nf3+ 60. Rxf3 Qxf3 61. Nxe8 Qf2+ 62. Rg3 Qf4+ 63. Rg4 Qh6+ 64. Kg3 Qe3+ 65. Kh4 Qxe8 66. Rg6 Qe7+ 67. Kh5 Qe2+ 68. Kh6 Qxa2 69. Re6 Kg8 70. Kg6 Qg2+ 71. Kh5 Kg7 0-1

[Event "SVK-chT1W 1617"]
[Site "Slovakia"]
[Date "2017.02.26"]
[Round "9.4"]
[White "Janos, Martin"]
[Black "Kaniansky, Miroslav"]
[Result "1-0"]
[WhiteElo "2217"]
[BlackElo "2167"]
[PlyCount "95"]
[EventDate "2016.10.15"]
[EventType "team-tourn"]
[EventRounds "11"]
[EventCountry "SVK"]
[SourceTitle "EXT 2018"]
[Source "ChessBase"]
[SourceDate "2017.10.13"]
[SourceVersion "1"]
[SourceVersionDate "2017.10.13"]
[SourceQuality "1"]
[WhiteTeam "Bratislava Slovan II"]
[BlackTeam "Prievidza"]
[WhiteTeamCountry "SVK"]
[BlackTeamCountry "SVK"]

1. e4 e5 2. Bc4 Nf6 3. Qe2 Nc6 4. Nf3 Be7 5. c3 0-0 6. Bb3 d5 7. d3 Be6 8. Bc2 Nd7 9. Nbd2 f5 10. Nb3 dxe4 11. dxe4 f4 12. Nbd2 Nb6 13. Bb3 Qd7 14. Nc4 Bf6 15. Bd2 Qf7 16. Nxb6 axb6 17. Bxe6 Qxe6 18. c4 Rfd8 19. Bc3 Be7 20. 0-0 g5 21. h3 Rd7 22. Rfd1 Rxd1+ 23. Qxd1 Rd8 24. Qe2 Nd4 25. Bxd4 exd4 26. Rd1 c5 27. b3 Re8 28. Ne1 Bd6 29. f3 h5 30. Nd3 Be5 31. a4 Qd6 32. Qd2 Re7 33. b4 Rg7 34. bxc5 bxc5 35. Qa5 b6 36. Qa8+ Kh7 37. Qe8 Re7 38. Qxh5+ Qh6 39. Qg4 Bc7 40. a5 bxa5 41. Nxc5 Be5 42. Nd3 Qf6 43. Rb1 Bc7 44. Rb5 Rg7 45. h4 gxh4 46. Rh5+ Kg8 47. Qc8+ Bd8 48. Rd5 1-0

[Event "SVK-chT2A 1617"]
[Site "Slovakia"]
[Date "2017.01.21"]
[Round "7.2"]
[White "Janos, Martin"]
[Black "Macko, Miroslav"]
[Result "0-1"]
[WhiteElo "2231"]
[BlackElo "2169"]
[PlyCount "70"]
[EventDate "2016.10.08"]
[EventType "team-tourn"]
[EventRounds "11"]
[EventCountry "SVK"]
[SourceTitle "EXT 2018"]
[Source "ChessBase"]
[SourceDate "2017.10.13"]
[SourceVersion "1"]
[SourceVersionDate "2017.10.13"]
[SourceQuality "1"]
[WhiteTeam "Bratislava Slovan IV"]
[BlackTeam "Krasnany"]
[WhiteTeamCountry "SVK"]
[BlackTeamCountry "SVK"]

1. e4 c5 2. d4 cxd4 3. Nf3 Nc6 4. c3 d3 5. c4 g6 6. Bxd3 Bg7 7. Nc3 Nf6 8. 0-0 0-0 9. Re1 d6 10. h3 Nd7 11. Bf1 b6 12. Bg5 Bxc3 13. bxc3 Ba6 14. Qa4 Bb7 15. Rad1 Qc7 16. Nd4 Rac8 17. Qa3 Rfe8 18. Nb5 Qb8 19. f4 Na5 20. Qb4 Nc5 21. e5 dxe5 22. fxe5 Nc6 23. Qa3 Nxe5 24. Bh4 Ne4 25. Qc1 Nxc4 26. Rd4 Ncd6 27. Nxd6 Nxd6 28. Bg3 Qc7 29. Bd3 Qc5 30. Qh6 e5 31. Bxe5 Rxe5 32. Rxe5 Qxe5 33. Rh4 Qg7 34. Qe3 Qxc3 35. Kf2 Re8 0-1

[Event "SVK-chT1W 1617"]
[Site "Slovakia"]
[Date "2016.12.11"]
[Round "6.5"]
[White "Janos, Martin"]
[Black "Macko, Miroslav"]
[Result "1/2-1/2"]
[WhiteElo "2217"]
[BlackElo "2151"]
[PlyCount "49"]
[EventDate "2016.10.15"]
[EventType "team-tourn"]
[EventRounds "11"]
[EventCountry "SVK"]
[SourceTitle "EXT 2018"]
[Source "ChessBase"]
[SourceDate "2017.10.13"]
[SourceVersion "1"]
[SourceVersionDate "2017.10.13"]
[SourceQuality "1"]
[WhiteTeam "Bratislava Slovan II"]
[BlackTeam "Bratislava KSN"]
[WhiteTeamCountry "SVK"]
[BlackTeamCountry "SVK"]

1. e4 c5 2. d4 cxd4 3. Nf3 Nc6 4. c3 d3 5. Be3 g6 6. Bxd3 Bg7 7. Nbd2 Nf6 8. Nf1 d5 9. Ng3 Bg4 10. h3 dxe4 11. hxg4 Qxd3 12. Qxd3 exd3 13. Rh4 h6 14. 0-0-0 g5 15. Rhh1 Nxg4 16. Rxd3 e6 17. Re1 Nge5 18. Nxe5 Nxe5 19. Rdd1 Nc4 20. Bd4 Bxd4 21. Rxd4 Nb6 22. Nf5 Rd8 23. Rxd8+ Kxd8 24. Nd6 Kc7 25. Nxf7 1/2-1/2

[Event "SVK-chT1W 1516"]
[Site "Slovakia"]
[Date "2016.03.20"]
[Round "11.5"]
[White "Podoba, Milan"]
[Black "Janos, Martin"]
[Result "0-1"]
[WhiteElo "2100"]
[BlackElo "2269"]
[PlyCount "126"]
[EventDate "2015.10.24"]
[EventType "team-tourn"]
[EventRounds "11"]
[EventCountry "SVK"]
[SourceTitle "EXT 2017"]
[Source "ChessBase"]
[SourceDate "2016.10.25"]
[SourceVersion "1"]
[SourceVersionDate "2016.10.25"]
[SourceQuality "1"]
[WhiteTeam "Dubnica nad Vahom"]
[BlackTeam "Bratislava Slovan II"]
[WhiteTeamCountry "SVK"]
[BlackTeamCountry "SVK"]

1. e4 c5 2. c3 g6 3. d4 cxd4 4. cxd4 Bg7 5. Nf3 Nf6 6. Nc3 0-0 7. Be2 a6 8. 0-0 b5 9. e5 Ne8 10. Bg5 Bb7 11. Qd2 Nc6 12. Bh6 d6 13. Bxg7 Kxg7 14. Rfd1 Nc7 15. Qe3 d5 16. Rac1 Rc8 17. h3 Ne6 18. Bd3 Na5 19. b3 Qd7 20. Nh2 f5 21. exf6+ exf6 22. Nf3 Rfe8 23. Qd2 Nc6 24. Bb1 Qd6 25. g3 Rc7 26. Re1 Rce7 27. Kg2 Ncd8 28. Re3 Nf7 29. Rce1 Qd7 30. h4 Nd6 31. R1e2 Bc6 32. Re1 b4 33. Nd1 a5 34. Nb2 Ne4 35. Qc1 Nd8 36. Nd3 Nb7 37. a3 Qd6 38. axb4 axb4 39. Nxb4 Bb5 40. Nd3 Rc7 41. Qb2 Rce7 42. b4 Qd8 43. Nc5 Nbd6 44. Ba2 Bc4 45. Nxe4 dxe4 46. Nd2 Bd3 47. Bb1 Nf5 48. Bxd3 Nxe3+ 49. Rxe3 exd3 50. Rxd3 Re2 51. Qb3 Qd7 52. Nf3 Ra8 53. Re3 Qb5 54. d5 Rxe3 55. Qxe3 Qxd5 56. Qe7+ Qf7 57. Qe4 Re8 58. Qc6 Qe6 59. b5 Kf7 60. Qc5 Qe4 61. b6 Re7 62. Qc3 Rd7 63. Qb3+ Qe6 0-1

[Event "SVK-chT1W 1516"]
[Site "Slovakia"]
[Date "2016.03.19"]
[Round "10.5"]
[White "Janos, Martin"]
[Black "Kukucka, Matej"]
[Result "1/2-1/2"]
[WhiteElo "2269"]
[BlackElo "2117"]
[PlyCount "92"]
[EventDate "2015.10.24"]
[EventType "team-tourn"]
[EventRounds "11"]
[EventCountry "SVK"]
[SourceTitle "EXT 2017"]
[Source "ChessBase"]
[SourceDate "2016.10.25"]
[SourceVersion "1"]
[SourceVersionDate "2016.10.25"]
[SourceQuality "1"]
[WhiteTeam "Bratislava Slovan II"]
[BlackTeam "Povazska Bystrica"]
[WhiteTeamCountry "SVK"]
[BlackTeamCountry "SVK"]

1. e4 c5 2. d4 cxd4 3. Nf3 Nc6 4. Nxd4 e5 5. Ne2 Nf6 6. Nbc3 Bc5 7. Ng3 0-0 8. Be2 h6 9. a3 a6 10. 0-0 d6 11. Kh1 Be6 12. Be3 Ba7 13. Qd2 Nd4 14. f4 Nxc2 15. Bxa7 Nxa1 16. Be3 Nb3 17. Qe1 Nd4 18. Bd1 Rc8 19. Qd2 Bc4 20. Rf2 Nb3 21. Qe1 Nd4 22. h3 Nh7 23. Rd2 Qh4 24. f5 Nc6 25. b3 Bb5 26. Nd5 Nd4 27. f6 Nxf6 28. Ne7+ Kh8 29. Nxc8 Nxe4 30. Bxd4 Nxg3+ 31. Kg1 exd4 32. Nxd6 Bc6 33. Qf2 f5 34. Rxd4 f4 35. Bg4 Qf6 36. Nc4 h5 37. Rd6 Qa1+ 38. Rd1 Qf6 39. Bf3 Rd8 40. Re1 Bxf3 41. Qxf3 b5 42. Ne5 Rc8 43. Kh2 Re8 44. Qd5 Nf1+ 45. Kg1 Ng3 46. Kh2 Nf1+ 1/2-1/2

[Event "SVK-chT1W 1516"]
[Site "Slovakia"]
[Date "2015.10.24"]
[Round "1.1"]
[White "Janos, Martin"]
[Black "Ondrus, Martin"]
[Result "1-0"]
[WhiteElo "2269"]
[BlackElo "2317"]
[PlyCount "105"]
[EventDate "2015.10.24"]
[EventType "team-tourn"]
[EventRounds "11"]
[EventCountry "SVK"]
[SourceTitle "CBM 170 Extra"]
[Source "ChessBase"]
[SourceDate "2016.02.25"]
[SourceVersion "1"]
[SourceVersionDate "2016.02.25"]
[SourceQuality "1"]
[WhiteTeam "Bratislava Slovan II"]
[BlackTeam "Nitra"]
[WhiteTeamCountry "SVK"]
[BlackTeamCountry "SVK"]

1. e4 c5 2. d4 cxd4 3. Nf3 Nc6 4. Nxd4 e6 5. Be3 Nf6 6. Bd3 d5 7. Nxc6 bxc6 8. Nd2 Be7 9. 0-0 0-0 10. e5 Nd7 11. Nf3 Qc7 12. Bf4 Rb8 13. b3 Nc5 14. Re1 Rd8 15. c3 Nxd3 16. Qxd3 h6 17. Rad1 c5 18. Nd2 Qa5 19. Qc2 Bb7 20. Re3 Bf8 21. Rg3 Kh8 22. Nf1 d4 23. c4 d3 24. Rdxd3 Be4 25. Rxd8 Bxc2 26. Rxb8 Kg8 27. Bxh6 Bg6 28. Bg5 Qc7 29. Rd8 f6 30. exf6 gxf6 31. Bxf6 Kf7 32. Rxf8+ Kxf8 33. Rxg6 Qa5 34. a4 Kf7 35. Rh6 Qb4 36. g4 Qxb3 37. Ne3 Qxa4 38. Be5 Qa2 39. Kg2 Qb1 40. Kf3 Qh1+ 41. Kf4 Qg1 42. Kg5 a5 43. Rh7+ Ke8 44. Kf6 Qh1 45. Re7+ Kd8 46. Kxe6 Qc6+ 47. Kf7 Qf3+ 48. Nf5 a4 49. Bf6 Kc8 50. Nd6+ Kb8 51. g5 a3 52. g6 a2 53. g7 1-0

[Event "SVK-chT2A 1415"]
[Site "Slovakia"]
[Date "2014.11.08"]
[Round "3.1"]
[White "Janos, Martin"]
[Black "Lanc, Alois"]
[Result "1/2-1/2"]
[WhiteElo "2215"]
[BlackElo "2344"]
[PlyCount "88"]
[EventDate "2014.10.11"]
[EventType "team-tourn"]
[EventRounds "11"]
[EventCountry "SVK"]
[SourceTitle "EXT 2016"]
[Source "ChessBase"]
[SourceDate "2015.10.08"]
[SourceVersion "1"]
[SourceVersionDate "2015.10.08"]
[SourceQuality "1"]
[WhiteTeam "Bratislava DP"]
[BlackTeam "Trnava Modranka"]
[WhiteTeamCountry "SVK"]
[BlackTeamCountry "SVK"]

1. d4 Nf6 2. Nf3 g6 3. c4 d6 4. Nc3 Nbd7 5. g3 Bg7 6. Bg2 0-0 7. 0-0 e5 8. b3 Re8 9. e3 c6 10. Bb2 e4 11. Nd2 d5 12. b4 Nf8 13. Rc1 h5 14. Qc2 Bf5 15. b5 h4 16. Qa4 hxg3 17. hxg3 Bd7 18. Qb3 Be6 19. Qa4 N8d7 20. bxc6 Nb6 21. Qa5 bxc6 22. c5 Nbd7 23. Qxd8 Rexd8 24. Nb3 Rab8 25. Rb1 a5 26. Ba3 Ne8 27. Rfc1 Nc7 28. Bf1 Bg4 29. Nd2 Ne6 30. Rxb8 Rxb8 31. Rb1 Rxb1 32. Ncxb1 a4 33. Bb2 Bd1 34. Bc3 f5 35. Ba6 Kf7 36. Kf1 g5 37. Ke1 Bh5 38. Bc8 Ke7 39. Nf1 Nc7 40. Ba5 Nb5 41. Bxd7 Kxd7 42. Nc3 Nxc3 43. Bxc3 Kc8 44. Nd2 Kb7 1/2-1/2

[Event "SVK-chT2A 1415"]
[Site "Slovakia"]
[Date "2014.10.12"]
[Round "2.1"]
[White "Janos, Martin"]
[Black "Federic, Jozef"]
[Result "1-0"]
[WhiteElo "2215"]
[BlackElo "2305"]
[PlyCount "117"]
[EventDate "2014.10.11"]
[EventType "team-tourn"]
[EventRounds "11"]
[EventCountry "SVK"]
[SourceTitle "EXT 2016"]
[Source "ChessBase"]
[SourceDate "2015.10.08"]
[SourceVersion "1"]
[SourceVersionDate "2015.10.08"]
[SourceQuality "1"]
[WhiteTeam "Bratislava DP"]
[BlackTeam "Modra II"]
[WhiteTeamCountry "SVK"]
[BlackTeamCountry "SVK"]

1. d4 d5 2. c4 e6 3. Nf3 Be7 4. Nc3 Nf6 5. Bf4 0-0 6. e3 a6 7. c5 Nc6 8. a3 b5 9. b4 Ne4 10. Qc2 f5 11. h4 Bd7 12. Be2 Be8 13. h5 Bf6 14. g3 Bf7 15. Kf1 Qe7 16. Rd1 Rfd8 17. Kg2 Ra7 18. Be5 Qe8 19. Bxf6 gxf6 20. Nh4 Nxc3 21. Qxc3 Bxh5 22. Bxh5 Qxh5 23. Nf3 Qg6 24. Rh4 Rd7 25. Ne1 Qe8 26. Nd3 Rg7 27. Nf4 Qe7 28. Qb3 Nd8 29. c6 Nf7 30. a4 Nd6 31. Ra1 Nc8 32. Qc3 Qd6 33. Rh6 Rf7 34. Qc5 Qxc5 35. dxc5 bxa4 36. Nxe6 Ne7 37. Nd4 Kg7 38. Rhh1 f4 39. gxf4 f5 40. Rxa4 Rf6 41. b5 Ra8 42. Rha1 Rg6+ 43. Kf3 h5 44. Rxa6 Rh8 45. Ra7 h4 46. Rxc7 Kf6 47. Rd7 h3 48. c7 h2 49. Rh1 Rg1 50. Rxh2 Rxh2 51. Rxe7 Rf1 52. Re6+ Kf7 53. Ke2 Rhxf2+ 54. Kd3 Rd1+ 55. Kc3 Rc1+ 56. Kb4 Rb2+ 57. Ka3 Rxb5 58. Nxb5 Rxc5 59. Rb6 1-0

[Event "SVK-chT2A 1314"]
[Site "Slovakia"]
[Date "2014.03.16"]
[Round "11.2"]
[White "Janos, Martin"]
[Black "Banas, Kamil"]
[Result "0-1"]
[WhiteElo "2213"]
[BlackElo "2221"]
[PlyCount "118"]
[EventDate "2013.10.19"]
[EventType "team-tourn"]
[EventRounds "11"]
[EventCountry "SVK"]
[SourceTitle "EXT 2015"]
[Source "ChessBase"]
[SourceDate "2014.11.20"]
[SourceVersion "1"]
[SourceVersionDate "2014.11.20"]
[SourceQuality "1"]
[WhiteTeam "Bratislava DP"]
[BlackTeam "Modra II"]
[WhiteTeamCountry "SVK"]
[BlackTeamCountry "SVK"]

1. d4 d5 2. c4 e6 3. Nc3 c6 4. e3 Bd6 5. f4 Qh4+ 6. g3 Qe7 7. Nf3 Nf6 8. b3 0-0 9. Bd3 Bb4 10. Bd2 dxc4 11. bxc4 c5 12. a3 Ba5 13. Ne2 Nc6 14. 0-0 Bxd2 15. Qxd2 cxd4 16. exd4 b6 17. Ne5 Bb7 18. Qe3 Rad8 19. g4 Nxe5 20. fxe5 Nxg4 21. Qg3 Nh6 22. Rf4 f5 23. exf6 Rxf6 24. Rxf6 Qxf6 25. Rf1 Qe7 26. Qe5 Nf7 27. Qg3 Ba8 28. h3 Qb7 29. Kh2 Qe7 30. Kg1 Nh6 31. Rf4 Nf5 32. Bxf5 exf5 33. Qf2 Be4 34. Qg3 h6 35. Rf1 Rc8 36. Rc1 Qg5 37. Kf2 Qxg3+ 38. Nxg3 Bd3 39. Rc3 Bxc4 40. Nxf5 Rf8 41. Rxc4 Rxf5+ 42. Kg3 Ra5 43. a4 Kf7 44. Kf4 Ke6 45. Ke4 Kd6 46. Rc8 Rh5 47. Rg8 Rh4+ 48. Kd3 Rxh3+ 49. Kc4 Rg3 50. Ra8 a5 51. Ra6 Kc6 52. Ra8 Rg6 53. Rc8+ Kd7 54. Rf8 h5 55. Rf4 Kc6 56. Kd3 Rh6 57. Ke4 h4 58. Rf2 h3 59. Rh2 Kd6 0-1